| 000 | 00685nam a22002177a 4500 | ||
|---|---|---|---|
| 005 | 20240520071648.0 | ||
| 008 | 240520b |||||||| |||| 00| 0 eng d | ||
| 020 | _a9789387494022 | ||
| 040 |
_aIN-DiNC _cIN-DiNC |
||
| 041 | _deng | ||
| 082 |
_a891.451 _bRES |
||
| 245 |
_aResonance/ _ced. by Dharmendra Upadhyaya, Dikshita Bhuyan and Trinayan Dutta |
||
| 260 |
_aGuwahati: _bAssam College Teachers Association, _c2018. |
||
| 300 | _a372p. | ||
| 650 | _aArticles on multidisciplinary themes of Assamese literature | ||
| 650 | _aAnuranan | ||
| 700 |
_aUpadhyaya, Dharmendra _eEditor |
||
| 700 |
_aBhuyan, Dikshita _eEditor |
||
| 700 |
_aDutta, Trinayan _eEditor |
||
| 942 |
_2ddc _cBK |
||
| 999 |
_c11830 _d11830 |
||